Reis na liefde / (Record no. 790819)

MARC details
000 -LEADER
fixed length control field 00595nam a22002057a 4500
003 - CONTROL NUMBER IDENTIFIER
control field 3228
005 - DATE AND TIME OF LATEST TRANSACTION
control field 20260302150349.0
008 - FIXED-LENGTH DATA ELEMENTS--GENERAL INFORMATION
fixed length control field 251217b sa ||||| |||| 00| 1 AFR d
020 ## - INTERNATIONAL STANDARD BOOK NUMBER
International Standard Book Number <a href="9781776352715">9781776352715</a>
Qualifying information (pbk)
040 ## - CATALOGING SOURCE
Original cataloging agency RDA
Transcribing agency 3228
041 ## - LANGUAGE CODE
Language Afrikaans
Language code of text/sound track or separate title Afrikaans
082 #0 - DEWEY DECIMAL CLASSIFICATION NUMBER
Classification number AF CHRI
942 ## - ADDED ENTRY ELEMENTS
Creator ID 395
Creator Name Kholofelo Moabelo
Modifier ID 174
Modifier Name Sanet Schoeman
100 ## - MAIN ENTRY--PERSONAL NAME
Personal name Christians, CM
245 ## - TITLE STATEMENT
Title Reis na liefde /
Statement of responsibility, etc. C M Christians
260 ## - PUBLICATION, DISTRIBUTION, ETC.
Place of publication, distribution, etc. Midrand :
Name of publisher, distributor, etc. Romanza,
Date of publication, distribution, etc. 2022.
300 ## - PHYSICAL DESCRIPTION
Extent 189 pages ;
Dimensions 17 cm.
650 ## - SUBJECT ADDED ENTRY--TOPICAL TERM
General subdivision Afrikaans fiction. Romance fiction. Novels. Romans.
942 ## - ADDED ENTRY ELEMENTS
Source of classification or shelving scheme Dewey Decimal Classification
item type Book
Holdings
Withdrawn status Lost status Source of classification or shelving scheme Damaged status Not for loan Collection code Home library Current library Shelving location Date acquired Cost, normal purchase price Total Checkouts Full call number Barcode Date last seen Cost, replacement price Price effective from item type
    Dewey Decimal Classification     Fiction Standerton Regional Library Amersfoort Library Fiction 02.03.2026     AF CHRI 3322803187643 02.03.2026   02.03.2026 Book
    Dewey Decimal Classification     Fiction Standerton Regional Library Bethal Fiction 02.03.2026     AF CHRI 3322803187646 02.03.2026   02.03.2026 Book
    Dewey Decimal Classification     Fiction Standerton Regional Library Evander Fiction 02.03.2026     AF CHRI 3322803187632 02.03.2026   02.03.2026 Book
    Dewey Decimal Classification     Fiction Standerton Regional Library Grootvlei Fiction 02.03.2026     AF CHRI 3322803187629 02.03.2026   02.03.2026 Book
    Dewey Decimal Classification     Fiction Standerton Regional Library Milan Park Fiction 02.03.2026     AF CHRI 3322803187645 02.03.2026   02.03.2026 Book
    Dewey Decimal Classification     Fiction Standerton Regional Library Perdekop Public Library Fiction 02.03.2026     AF CHRI 3322803187644 02.03.2026   02.03.2026 Book
    Dewey Decimal Classification     Fiction Standerton Regional Library Perdekop Public Library Fiction 19.06.2026     AF CHRI 3228200035220 19.06.2026   19.06.2026 Book
    Dewey Decimal Classification     Fiction Stanwest Public Library Stanwest Public Library Fiction 17.12.2025 256.00   AF LIEF 33228031154193 17.12.2025 256.00 17.12.2025 Book
    Dewey Decimal Classification     Fiction Standerton Regional Library Thistle Grove Fiction 02.03.2026     AF CHRI 3322803187640 02.03.2026   02.03.2026 Book
    Dewey Decimal Classification     Fiction Standerton Regional Library Volksrust Fiction 02.03.2026     AF CHRI 3322803187630 02.03.2026   02.03.2026 Book